| 000 | 02486 a2200241 4500 | ||
|---|---|---|---|
| 001 | 55624 | ||
| 005 | 20260407155829.0 | ||
| 008 | 260407a1963 arg spa d | ||
| 003 | AR-UNSa-BCEJYS | ||
| 040 |
_aAR-UNSa-BCEJYS _bspa _cAR-UNSa-BCEJYS |
||
| 080 |
_a330.1 _xCiencia económica. Conceptos fundamentales de teoría económica. Valor. Capital. Fondos |
||
| 245 | 1 | 0 | _aAnálisis económico |
| 250 | _a8a. ed. | ||
| 264 | 1 |
_aMadrid : _bRevista de Occidente _c1963 |
|
| 300 |
_axvi, 789 p. _c22 cm. |
||
| 505 | _a1. La misión y el método del análisis económico - 2. Especialización y cambio: La tarea de la organización económica - 3. Algunas aplicaciones de la teoría elemental del cambio – 4. Determinación del precio en mercados de competencia perfecta - 5. La oferta y la demanda en un mercado de competencia -6. Algunas aplicaciones del análisis de la oferta y la demanda - 7. Producción y consumo. El concepto de precio “normal” - 8. Otras aplicaciones del análisis de la oferta y la demanda – 9. El principio de igual ventaja – 10. Algunas aplicaciones del principio de igual ventaja – 11. La teoría elemental de la distribución – 12. Algunas aplicaciones de la teoría de la distribución – 13. La teoría del dinero – 14. Capital, renta e interés – 15. La banca – 16. Relaciones económicas internacionales e interregionales – 17. Algunas aplicaciones de la renta monetaria – 18. La naturaleza de la empresa económica -19. Formas de organización de la empresa - 20. La empresa y la industria en régimen de competencia perfecta – 21. El equilibrio de la industria en régimen de competencia y la obtención de las curvas de oferta – 22. Construcción de la curva de coste – 23. Estudios superiores en la teoría de la firma y de la industria – 24. La teoría elemental del monopolio – 25. Algunas aplicaciones de la teoría del monopolio – 26. La teoría superior del monopolio – 27. Competencia imperfecta – 28. Algunas aplicaciones de la teoría de la empresa y de la industria – 29. La teoría elemental del consumo – 30. La teoría superior del consumo – 31. Tiempo, producción y valorización – 32. El equilibrio de una empresa en el tiempo – 33. La teoría del interés – 34. Equilibrio, progreso y política. | ||
| 041 | _aspa | ||
| 942 | _cBK | ||
| 590 | _aniveau_biblio:m niveau_hierar:0 | ||
| 100 | 1 | _aBoulding, Kenneth E. | |
| 700 | 1 | _aBramtot, Juan A. | |
| 700 | 1 | _aParedes, Miguel | |
| 999 |
_c5968 _d5968 |
||